Simulation of elution profiles for two-dimensional dynamic gas chromatographic experiments /

שמור ב:
מידע ביבליוגרפי
מחברים אחרים: Marriott, Philip., Schurig, Volker., Shellie, Robert., Trapp, Oliver.
פורמט: Bài viết
שפה:English
נושאים:
תגים: הוספת תג
אין תגיות, היה/י הראשונ/ה לתייג את הרשומה!
Thư viện lưu trữ: Thư viện Trường Đại học Đà Lạt
LEADER 01038nam a2200349 4500
001 DLU090097301
005 ##20091201
040 # # |a DLU  |b eng 
041 # # |a eng 
044 # # |a us 
245 # # |a Simulation of elution profiles for two-dimensional dynamic gas chromatographic experiments /  |c Oliver Trapp ... [et al.].  
653 # # |a Cryogenics 
653 # # |a Elution 
653 # # |a Enantiomerization 
653 # # |a Gas chromatography 
653 # # |a Gibbs free energy 
653 # # |a Isomer 
653 # # |a Two dimensional chromatography 
700 # # |a Marriott, Philip. 
700 # # |a Schurig, Volker. 
700 # # |a Shellie, Robert. 
700 # # |a Trapp, Oliver.  
773 # # |t Analytical Chemistry  |g Vol. 75, no. 17 (September 2003), p. 4452-4461 
920 # # |a Phòng Tạp chí -- Trung tâm Thông tin - Thư viện Trường Đại học Đà Lạt 
994 # # |a DLU 
900 # # |a True 
911 # # |a Trương Bảo Trâm Anh 
925 # # |a G 
926 # # |a A 
927 # # |a BB 
980 # # |a Thư viện Trường Đại học Đà Lạt